Biblioteca y Centro de Documentación

Carta para la planificación ecosistémica de las ciudades y metrópolis (Registro nro. 52238)

Detalles MARC
000 -CABECERA
Longitud fija campo de control 01239nam a2200373 c 4500
001 - NÚMERO DE CONTROL
Número de control 52238
003 - IDENTIFICADOR DE NÚMERO DE CONTROL
Identificador del número de control ES-MaCES
005 - FECHA Y HORA DE LA ÚLTIMA TRANSACCIÓN
Fecha y hora de la última transacción 20250203133828.0
008 - CAMPO FIJO DE DESCRIPCIÓN FIJA--INFORMACIÓN GENERAL
Códigos de información de longitud fija   220422s2021 sp 000 | spa d
017 ## - NÚMERO DE REGISTRO DE DERECHOS DE AUTOR Y DEPÓSITO LEGAL
Número de copyright o de depósito legal B 19173-2021
Agencia que asigna el número DL
020 ## - ISBN (INTERNATIONAL STANDARD BOOK NUMBER)
Número Internacional Normalizado para Libros (ISBN) 9788418826344
040 ## - FUENTE DE CATALOGACIÓN
Centro catalogador de origen ES-MaCES
Lengua de catalogación spa
Centro transcriptor ES-MaCES
100 1# - ENCABEZAMIENTO PRINCIPAL--NOMBRE PERSONAL
9 (RLIN) 40294
Nombre de persona Rueda, Salvador
245 10 - MENCIÓN DE TÍTULO
Título Carta para la planificación ecosistémica de las ciudades y metrópolis
Resto del título : carta para el diseño de nuevos desarrollos urbanos y la regeneración de los existentes
Mención de responsabilidad, etc. Rueda, Salvador
250 ## - MENCIÓN DE EDICIÓN
Mención de edición 1ª ed
260 ## - PUBLICACIÓN, DISTRIBUCIÓN, ETC (PIE DE IMPRENTA)
Lugar de publicación, distribución, etc. Barcelona
Nombre del editor, distribuidor, etc. Icaria
Fecha de publicación, distribución, etc. 2021
300 ## - DESCRIPCIÓN FÍSICA
Extensión 133 p.
Dimensiones 30 cm
490 1# - MENCIÓN DE SERIE
Mención de serie Ecología urbana
541 ## - NOTA DE LA FUENTE INMEDIANTE DE ADQUISICIÓN
Forma de adquisición Compra
650 #4 - ASIENTO SECUNDARIO DE MATERIA--TÉRMINO DE MATERIA
Término de materia o nombre geográfico como elemento inicial ciudad
9 (RLIN) 28617
650 #4 - ASIENTO SECUNDARIO DE MATERIA--TÉRMINO DE MATERIA
Término de materia o nombre geográfico como elemento inicial nueva ciudad
9 (RLIN) 28614
650 #4 - ASIENTO SECUNDARIO DE MATERIA--TÉRMINO DE MATERIA
Término de materia o nombre geográfico como elemento inicial zona urbana
9 (RLIN) 28618
650 #4 - ASIENTO SECUNDARIO DE MATERIA--TÉRMINO DE MATERIA
Término de materia o nombre geográfico como elemento inicial planificación urbana
9 (RLIN) 28620
650 #4 - ASIENTO SECUNDARIO DE MATERIA--TÉRMINO DE MATERIA
Término de materia o nombre geográfico como elemento inicial desarrollo urbano
9 (RLIN) 28619
650 #4 - ASIENTO SECUNDARIO DE MATERIA--TÉRMINO DE MATERIA
Término de materia o nombre geográfico como elemento inicial cambio climático
9 (RLIN) 30961
650 #4 - ASIENTO SECUNDARIO DE MATERIA--TÉRMINO DE MATERIA
Término de materia o nombre geográfico como elemento inicial desarrollo sostenible
9 (RLIN) 30785
650 #4 - ASIENTO SECUNDARIO DE MATERIA--TÉRMINO DE MATERIA
Término de materia o nombre geográfico como elemento inicial calidad de la vida
9 (RLIN) 29237
650 #4 - ASIENTO SECUNDARIO DE MATERIA--TÉRMINO DE MATERIA
Término de materia o nombre geográfico como elemento inicial sociología urbana
9 (RLIN) 28622
650 #4 - ASIENTO SECUNDARIO DE MATERIA--TÉRMINO DE MATERIA
Término de materia o nombre geográfico como elemento inicial repertorio de recomendaciones prácticas
9 (RLIN) 29261
653 10 - TÉRMINO DE INDEXACIÓN--NO CONTROLADO
Término no controlado Vivienda-Construcción-Urbanismo
830 #0 - ENCABEZAMIENTO SECUNDARIO DE COLECCIÓN--TÍTULO UNIFORME
Título uniforme Ecologia urbana
9 (RLIN) 40295
902 ## - CES. TIPO DE DOCUMENTO
Tipodoc (006$c Sirtex) LIB Libro
942 ## - ELEMENTOS KOHA
Fuente de clasificaión o esquema Clasificación propia del CES
Koha [por defecto] tipo de item Monografías
Parte de clasificación Políticas Sectoriales
Existencias
Número de registro Signatura completa Tipo de item de Koha
092648 SG-5.2.-313 Monografías
© CES, Consejo Económico y Social de España 2021